000
00211nam a2200097Ia 4500
008
240331s9999 xx 000 0 und d
082
_b
WOM
100
_a
Jordans,E. ed
245
0
_a
Women in development
942
_c
L
999
_c
2798
_d
2798